000
00282nam a22001337a 4500
020
_a
997151348X
082
_a
005.82
100
_a
SCHNEIER BRUCE
245
_a
APPLIED CRYPTOGRAPHY
250
_a
2ND ED.
260
_a
INDIA
_b
JOHN WILEY AND SONS
_c
2002
300
_a
758
942
_c
BK
999
_c
23264
_d
23264